Κρητική λογοτεχνία

Αποθηκεύτηκε σε:
Λεπτομέρειες βιβλιογραφικής εγγραφής
Άλλοι συγγραφείς: Μπουμπουλίδης, Φαίδων Κ., 1923- (Επιμελητής έκδοσης)
Μορφή: Βιβλίο
Γλώσσα:Greek
Δημοσίευση: Αθήναι : Αετός, [1955].
Σειρά:Βασική βιβλιοθήκη (Αετός) ; 7
Θέματα:
Ετικέτες: Προσθήκη ετικέτας
Δεν υπάρχουν, Καταχωρήστε ετικέτα πρώτοι!

MARC

LEADER 00000cam a2200000 i 4500
001 1/34568
008 960910s1955 gr | ||| |||| ||gre||
035 |l 10024139 
040 |a GR-MY-UA  |b gre  |e aacr 
041 0 |a gre 
082 7 |a 889.3   |2 (22) 
245 0 0 |a Κρητική λογοτεχνία /   |c επιμέλεια: Φαίδωνος Κ. Μπουμπουλίδου.  
260 |a Αθήναι :   |b Αετός,   |c [1955].  
300 |a 308 σ. ;   |c 25 εκ. 
490 1 |a (Βασική βιβλιοθήκη / Αετός ;   |v  7) 
650 0 0 |a Greek literature  |z Greece  |z Crete  |x History and criticism. 
700 1 |a Μπουμπουλίδης, Φαίδων Κ.,   |d 1923-  |e edt 
830 0 |a Βασική βιβλιοθήκη (Αετός)  |v  ; 7 
852 |a INST  |b CHIOS  |e 19960910  |h 889.3 ΚΡΗ  |p 005200011988  |q 005200011988  |t BK  |y 0 
852 |a INST  |b RHODES  |c AKA  |e 20081017  |h  889.3 ΚΡΗ  |p 005400031000  |q 005400031000  |t BK  |y 0 
901 |a BIBL4-2008-3 
909 |a Χ  |b 047192 
909 |a Ρ  |b 153382 
970 |z 10/09/1996